000
00317 a2200145 4500
001
49359
040
_c
Anchieta - Bela Vista
100
_a
Guerra, Sônia Dos Santos
240
1
0
_a
Como sair dessa
_l
por
245
1
0
_a
Como sair dessa
300
_a
36
362
0
_a
1999
650
4
_a
Literatura juvenil
942
_c
BK
999
_c
49359
_d
49359